[Event "Deutsche Ländermeisterschaft 2014"]
[Site "Hannover GER"]
[Date "2014.10.07"]
[Round "7"]
[White "Kololli, Kevin"]
[Black "Galkin, Wladislaw"]
[Result "1-0"]
[Termination "normal"]
[Board "4.3"]
[WhiteElo "2161"]
[BlackElo "2099"]
[WhiteClock "01:09:09"]
[BlackClock "00:35:22"]
[WhiteTeam "Schleswig-Holstein"]
[BlackTeam "Hessen 1"]
[PlyCount "41"]
[WhiteFideId "12936863"]
[BlackFideId "4603192"]
[EventCountry "GER"]
[EventRounds "7"]
[EventType "team-swiss"]
[EventDate "2014.10.02"]

1. e4 {[%clk 1:30:57]} e5 {[%clk 1:30:57]} 2. Nf3 {[%clk 1:31:17]} Nc6 {[%clk
1:31:16]} 3. Bc4 {[%clk 1:31:38]} Bc5 {[%clk 1:31:24]} 4. b4 {[%clk 1:32:00]}
Bxb4 {[%clk 1:31:44]} 5. c3 {[%clk 1:31:51]} Bd6 {[%clk 1:29:25]} 6. O-O {[%clk
1:32:10]} Nf6 {[%clk 1:29:08]} 7. d4 {[%clk 1:32:03]} Qe7 {[%clk 1:27:51]} 8.
Re1 {[%clk 1:31:54]} O-O {[%clk 1:26:49]} 9. Nbd2 {[%clk 1:28:07]} Na5 {[%clk
1:01:45]} 10. Bd3 {[%clk 1:24:51]} c5 {[%clk 1:01:06]} 11. Nf1 {[%clk 1:19:22]}
cxd4 {[%clk 0:53:02]} 12. cxd4 {[%clk 1:19:38]} Nc6 {[%clk 0:53:19]} 13. Ng3
{[%clk 1:17:00]} Bb4 {[%clk 0:52:08]} 14. Nf5 {[%clk 1:13:58]} Qe8 {[%clk
0:52:14]} 15. Bd2 {[%clk 1:13:22]} Bxd2 {[%clk 0:46:31]} 16. Qxd2 {[%clk
1:13:25]} Nh5 {[%clk 0:38:30]} 17. dxe5 {[%clk 1:08:08]} Nxe5 {[%clk 0:34:27]}
18. Nxe5 {[%clk 1:08:14]} Qxe5 {[%clk 0:34:55]} 19. Qg5 {[%clk 1:08:24]} Kh8
{[%clk 0:35:08]} 20. Qxh5 {[%clk 1:08:45]} g6 {[%clk 0:35:22]} 21. Qh6 {[%clk
1:09:09]} 1-0

[Event "Deutsche Ländermeisterschaft 2014"]
[Site "Hannover GER"]
[Date "2014.10.07"]
[Round "7"]
[White "Tran, My Linh"]
[Black "Kololli, Martin"]
[Result "0-1"]
[Termination "normal"]
[Board "4.4"]
[WhiteElo "2053"]
[BlackElo "2200"]
[WhiteClock "00:09:10"]
[BlackClock "00:07:45"]
[WhiteTeam "Hessen 1"]
[BlackTeam "Schleswig-Holstein"]
[PlyCount "114"]
[WhiteFideId "24682462"]
[BlackFideId "12936910"]
[EventCountry "GER"]
[EventRounds "7"]
[EventType "team-swiss"]
[EventDate "2014.10.02"]

1. e4 {[%clk 1:30:57]} e5 {[%clk 1:30:55]} 2. Nf3 {[%clk 1:31:20]} Nc6 {[%clk
1:31:16]} 3. Bc4 {[%clk 1:31:44]} Nf6 {[%clk 1:31:40]} 4. d3 {[%clk 1:32:03]}
Be7 {[%clk 1:32:03]} 5. c3 {[%clk 1:21:27]} O-O {[%clk 1:32:13]} 6. Nbd2 {[%clk
1:20:04]} d5 {[%clk 1:28:31]} 7. exd5 {[%clk 1:20:27]} Nxd5 {[%clk 1:28:54]} 8.
O-O {[%clk 1:17:40]} Nb6 {[%clk 1:20:44]} 9. Bb5 {[%clk 1:11:21]} f6 {[%clk
1:08:00]} 10. Re1 {[%clk 0:58:47]} Bd7 {[%clk 0:59:17]} 11. Nc4 {[%clk
0:54:48]} Kh8 {[%clk 0:56:07]} 12. Nxb6 {[%clk 0:48:05]} axb6 {[%clk 0:56:26]}
13. Ba4 {[%clk 0:37:28]} Bg4 {[%clk 0:53:46]} 14. Bc2 {[%clk 0:37:34]} Qd5
{[%clk 0:52:32]} 15. Bb3 {[%clk 0:35:51]} Qd7 {[%clk 0:51:46]} 16. h3 {[%clk
0:33:38]} Bf5 {[%clk 0:47:58]} 17. d4 {[%clk 0:23:29]} exd4 {[%clk 0:47:55]}
18. cxd4 {[%clk 0:23:58]} Na5 {[%clk 0:36:31]} 19. Nh4 {[%clk 0:22:52]} Nxb3
{[%clk 0:35:47]} 20. Qxb3 {[%clk 0:23:21]} Bd6 {[%clk 0:34:49]} 21. Nxf5 {[%clk
0:22:21]} Qxf5 {[%clk 0:35:12]} 22. Bd2 {[%clk 0:21:12]} Qd7 {[%clk 0:30:23]}
23. Bb4 {[%clk 0:17:37]} Rae8 {[%clk 0:29:37]} 24. Bxd6 {[%clk 0:13:59]} Qxd6
{[%clk 0:30:01]} 25. Qa4 {[%clk 0:11:58]} c6 {[%clk 0:27:08]} 26. Qc4 {[%clk
0:08:08]} g6 {[%clk 0:23:30]} 27. Rad1 {[%clk 0:05:19]} Kg7 {[%clk 0:23:20]}
28. Rxe8 {[%clk 0:02:16]} Rxe8 {[%clk 0:23:40]} 29. Qb3 {[%clk 0:02:41]} b5
{[%clk 0:23:06]} 30. a4 {[%clk 0:01:28]} b4 {[%clk 0:22:54]} 31. Qc4 {[%clk
0:01:18]} Re4 {[%clk 0:22:34]} 32. b3 {[%clk 0:01:10]} h5 {[%clk 0:22:35]} 33.
Qc5 {[%clk 0:01:06]} Re6 {[%clk 0:19:47]} 34. Qb6 {[%clk 0:01:11]} Qe7 {[%clk
0:19:13]} 35. Kf1 {[%clk 0:01:13]} Kh6 {[%clk 0:17:54]} 36. a5 {[%clk 0:01:02]}
Re2 {[%clk 0:13:45]} 37. a6 {[%clk 0:01:00]} Ra2 {[%clk 0:13:42]} 38. Re1
{[%clk 0:01:13]} Rxa6 {[%clk 0:14:06]} 39. Qc5 {[%clk 0:00:46]} Qxc5 {[%clk
0:14:25]} 40. dxc5 {[%clk 0:01:13]} Ra5 {[%clk 0:13:11]} 41. Re7 {[%clk
0:28:12]} Rb5 {[%clk 0:34:14]} 42. h4 {[%clk 0:25:14]} g5 {[%clk 0:31:08]} 43.
hxg5+ {[%clk 0:24:28]} fxg5 {[%clk 0:30:46]} 44. Re6+ {[%clk 0:22:03]} Kg7
{[%clk 0:31:07]} 45. Re5 {[%clk 0:20:05]} Kg6 {[%clk 0:10:58]} 46. Ke2 {[%clk
0:18:55]} h4 {[%clk 0:10:41]} 47. f3 {[%clk 0:18:35]} Kf6 {[%clk 0:10:32]} 48.
Re4 {[%clk 0:16:23]} Rxc5 {[%clk 0:09:23]} 49. Rxb4 {[%clk 0:16:51]} Rb5 {[%clk
0:07:24]} 50. Rd4 {[%clk 0:07:21]} Rxb3 {[%clk 0:07:43]} 51. Rd6+ {[%clk
0:07:37]} Ke5 {[%clk 0:07:44]} 52. Rg6 {[%clk 0:07:42]} Kf5 {[%clk 0:07:16]}
53. Rg7 {[%clk 0:08:01]} c5 {[%clk 0:07:16]} 54. Rf7+ {[%clk 0:08:19]} Kg6
{[%clk 0:07:29]} 55. Rc7 {[%clk 0:08:31]} b6 {[%clk 0:07:52]} 56. Rc6+ {[%clk
0:08:55]} Kf5 {[%clk 0:08:17]} 57. Rc8 {[%clk 0:09:10]} Rb2+ {[%clk 0:07:45]}
0-1

[Event "Deutsche Ländermeisterschaft 2014"]
[Site "Hannover GER"]
[Date "2014.10.07"]
[Round "7"]
[White "Kopylov, Daniel"]
[Black "Nothnagel, Marian Can"]
[Result "0-1"]
[Termination "normal"]
[Board "4.5"]
[WhiteElo "1851"]
[BlackElo "1827"]
[WhiteClock "00:07:00"]
[BlackClock "00:08:50"]
[WhiteTeam "Schleswig-Holstein"]
[BlackTeam "Hessen 1"]
[PlyCount "104"]
[WhiteFideId "12921971"]
[BlackFideId "12921530"]
[EventCountry "GER"]
[EventRounds "7"]
[EventType "team-swiss"]
[EventDate "2014.10.02"]

1. e4 {[%clk 1:30:56]} e5 {[%clk 1:30:57]} 2. Nf3 {[%clk 1:31:21]} d6 {[%clk
1:31:25]} 3. d4 {[%clk 1:31:03]} exd4 {[%clk 1:31:50]} 4. Nxd4 {[%clk 1:31:26]}
Nf6 {[%clk 1:32:17]} 5. Nc3 {[%clk 1:31:21]} Be7 {[%clk 1:32:42]} 6. Be2 {[%clk
1:29:57]} O-O {[%clk 1:32:34]} 7. O-O {[%clk 1:29:41]} a6 {[%clk 1:31:28]} 8.
a4 {[%clk 1:24:02]} c5 {[%clk 1:27:27]} 9. Nf3 {[%clk 1:23:17]} Nc6 {[%clk
1:27:26]} 10. Bg5 {[%clk 1:07:06]} Be6 {[%clk 1:22:01]} 11. Qc1 {[%clk
1:00:43]} Re8 {[%clk 1:12:22]} 12. Rd1 {[%clk 0:59:58]} Qc7 {[%clk 1:01:13]}
13. h3 {[%clk 0:54:54]} Rad8 {[%clk 0:55:44]} 14. Bf4 {[%clk 0:53:55]} Qc8
{[%clk 0:52:55]} 15. Ra3 {[%clk 0:50:16]} Nd4 16. Nxd4 {[%clk 0:35:31]} cxd4
{[%clk 0:37:41]} 17. Rxd4 {[%clk 0:32:59]} d5 {[%clk 0:37:20]} 18. Ra1 {[%clk
0:27:17]} Bc5 {[%clk 0:32:38]} 19. Rd1 {[%clk 0:24:17]} Nxe4 {[%clk 0:27:58]}
20. Nxe4 {[%clk 0:23:27]} dxe4 {[%clk 0:28:23]} 21. Be3 {[%clk 0:23:35]} Bd6
{[%clk 0:21:29]} 22. Bf4 {[%clk 0:20:01]} Bxf4 {[%clk 0:20:20]} 23. Qxf4 {[%clk
0:19:47]} Qxc2 {[%clk 0:19:48]} 24. Rxd8 {[%clk 0:11:11]} Rxd8 {[%clk 0:20:04]}
25. Bg4 {[%clk 0:10:43]} Bxg4 {[%clk 0:17:51]} 26. Qxg4 {[%clk 0:10:03]} g6
{[%clk 0:14:47]} 27. Re1 {[%clk 0:09:44]} Qxb2 {[%clk 0:10:12]} 28. Qxe4 {[%clk
0:09:36]} Qb6 {[%clk 0:07:14]} 29. Rb1 {[%clk 0:07:37]} Qc7 {[%clk 0:07:38]}
30. Qf3 {[%clk 0:07:32]} Rd7 {[%clk 0:06:10]} 31. Qe3 {[%clk 0:06:47]} Re7
{[%clk 0:05:20]} 32. Qf3 {[%clk 0:06:56]} h5 {[%clk 0:03:59]} 33. h4 {[%clk
0:06:35]} Kg7 {[%clk 0:02:35]} 34. g3 {[%clk 0:06:46]} Qc2 {[%clk 0:01:42]} 35.
Rxb7 {[%clk 0:05:14]} Rxb7 {[%clk 0:02:07]} 36. Qxb7 {[%clk 0:05:38]} Qxa4
{[%clk 0:02:33]} 37. Qb2+ {[%clk 0:04:27]} Kh7 {[%clk 0:02:48]} 38. Qf6 {[%clk
0:03:50]} Qc4 {[%clk 0:02:51]} 39. Qb6 {[%clk 0:04:07]} Qa2 {[%clk 0:01:42]}
40. Kg2 {[%clk 0:04:07]} a5 {[%clk 0:02:00]} 41. Qa7 {[%clk 0:02:38]} a4 {[%clk
0:02:17]} 42. Kh2 {[%clk 0:29:44]} a3 {[%clk 0:27:34]} 43. g4 {[%clk 0:25:35]}
hxg4 {[%clk 0:22:57]} 44. h5 {[%clk 0:25:28]} gxh5 {[%clk 0:18:36]} 45. Qe3
{[%clk 0:23:50]} Qc2 {[%clk 0:16:51]} 46. Qa7 {[%clk 0:20:14]} Kg6 {[%clk
0:16:32]} 47. Qb6+ {[%clk 0:13:27]} f6 {[%clk 0:16:52]} 48. Qe3 {[%clk
0:12:18]} a2 {[%clk 0:12:44]} 49. Qe8+ {[%clk 0:11:46]} Kg5 {[%clk 0:13:01]}
50. Qe3+ {[%clk 0:08:58]} Kf5 {[%clk 0:12:52]} 51. Qd4 {[%clk 0:08:21]} Qe2
{[%clk 0:08:28]} 52. Qd7+ {[%clk 0:07:00]} Kg6 {[%clk 0:08:50]} 0-1

[Event "Deutsche Ländermeisterschaft 2014"]
[Site "Hannover GER"]
[Date "2014.10.07"]
[Round "7"]
[White "Poetsch, Leonore"]
[Black "Köhler, Inken"]
[Result "1/2-1/2"]
[Termination "normal"]
[Board "4.6"]
[WhiteElo "1541"]
[BlackElo "1718"]
[WhiteClock "00:57:09"]
[BlackClock "00:25:38"]
[WhiteTeam "Hessen 1"]
[BlackTeam "Schleswig-Holstein"]
[PlyCount "119"]
[WhiteFideId "12940372"]
[BlackFideId "12929301"]
[EventCountry "GER"]
[EventRounds "7"]
[EventType "team-swiss"]
[EventDate "2014.10.02"]

1. Nf3 {[%clk 1:30:54]} d5 {[%clk 1:30:51]} 2. e3 {[%clk 1:31:18]} Nf6 {[%clk
1:30:59]} 3. c4 {[%clk 1:31:34]} c6 {[%clk 1:30:56]} 4. d4 {[%clk 1:31:16]} Bf5
{[%clk 1:30:21]} 5. Nc3 {[%clk 1:31:10]} e6 {[%clk 1:30:24]} 6. Be2 {[%clk
1:31:15]} dxc4 {[%clk 1:29:06]} 7. Bxc4 {[%clk 1:31:07]} Be7 {[%clk 1:28:39]}
8. O-O {[%clk 1:31:23]} O-O {[%clk 1:28:47]} 9. Bd2 {[%clk 1:31:08]} Nbd7
{[%clk 1:28:28]} 10. Rc1 {[%clk 1:30:36]} Nb6 {[%clk 1:24:28]} 11. Be2 {[%clk
1:30:35]} Rc8 {[%clk 1:23:31]} 12. Nh4 {[%clk 1:29:30]} Bg4 {[%clk 1:21:15]}
13. Bxg4 {[%clk 1:29:05]} Nxg4 {[%clk 1:21:39]} 14. Qxg4 {[%clk 1:28:53]} Bxh4
{[%clk 1:22:00]} 15. Rfd1 {[%clk 1:25:33]} Nd5 {[%clk 1:17:56]} 16. e4 {[%clk
1:25:06]} Nxc3 {[%clk 1:11:10]} 17. bxc3 {[%clk 1:25:21]} Re8 {[%clk 1:09:55]}
18. f4 {[%clk 1:22:46]} Be7 {[%clk 1:08:53]} 19. Rb1 {[%clk 1:22:26]} Qc7
{[%clk 1:07:15]} 20. c4 {[%clk 1:21:16]} Red8 {[%clk 1:04:26]} 21. Be3 {[%clk
1:20:33]} Rd7 {[%clk 1:00:35]} 22. Rd2 {[%clk 1:19:52]} Qa5 {[%clk 0:59:35]}
23. Qe2 {[%clk 1:18:20]} Rcd8 {[%clk 0:58:28]} 24. Rbd1 {[%clk 1:17:18]} Bb4
{[%clk 0:57:49]} 25. Rd3 {[%clk 1:16:53]} Be7 {[%clk 0:55:08]} 26. Qd2 {[%clk
1:16:13]} Qa4 {[%clk 0:52:27]} 27. Rc1 {[%clk 1:14:03]} Ba3 {[%clk 0:45:43]}
28. Qc2 {[%clk 1:13:04]} Qa5 {[%clk 0:44:23]} 29. Qc3 {[%clk 1:11:21]} Qxc3
{[%clk 0:37:06]} 30. Rcxc3 {[%clk 1:11:46]} Bb2 {[%clk 0:37:29]} 31. Rb3 {[%clk
1:12:03]} Bxd4 {[%clk 0:37:53]} 32. Rxd4 {[%clk 1:11:37]} Rxd4 {[%clk 0:38:12]}
33. Bxd4 {[%clk 1:12:00]} Rxd4 {[%clk 0:38:37]} 34. Rxb7 {[%clk 1:12:18]} g6
{[%clk 0:38:57]} 35. Rxa7 {[%clk 1:11:28]} Rxc4 {[%clk 0:39:13]} 36. Ra6 {[%clk
1:09:25]} Rxe4 {[%clk 0:38:39]} 37. Rxc6 {[%clk 1:09:39]} Ra4 {[%clk 0:38:59]}
38. Rc2 {[%clk 1:09:40]} Rxf4 {[%clk 0:39:04]} 39. Rc8+ {[%clk 1:09:39]} Kg7
{[%clk 0:39:16]} 40. Ra8 {[%clk 1:09:47]} Kf6 {[%clk 0:39:22]} 41. a4 {[%clk
1:10:03]} Ke7 {[%clk 0:39:33]} 42. a5 {[%clk 1:09:12]} Kd7 {[%clk 0:39:49]} 43.
a6 {[%clk 1:07:37]} Kc7 {[%clk 0:40:04]} 44. g3 {[%clk 1:07:41]} Rf5 {[%clk
0:40:00]} 45. Kg2 {[%clk 1:07:24]} Kb6 {[%clk 0:39:28]} 46. g4 {[%clk 1:06:34]}
Rg5 {[%clk 0:37:33]} 47. Kf3 {[%clk 1:05:56]} h5 {[%clk 0:37:14]} 48. h3 {[%clk
1:05:25]} Ra5 {[%clk 0:35:30]} 49. Rf8 {[%clk 1:04:37]} hxg4+ {[%clk 0:33:51]}
50. hxg4 {[%clk 1:04:55]} f5 {[%clk 0:33:58]} 51. Re8 {[%clk 1:03:51]} Re5
{[%clk 0:32:21]} 52. gxf5 {[%clk 1:03:40]} gxf5 {[%clk 0:32:38]} 53. Ra8 {[%clk
1:01:39]} Ra5 {[%clk 0:32:09]} 54. Re8 {[%clk 1:00:15]} e5 {[%clk 0:32:23]} 55.
Re6+ {[%clk 1:00:06]} Ka7 {[%clk 0:32:01]} 56. Rf6 {[%clk 0:58:37]} Ra3+ {[%clk
0:30:21]} 57. Kf2 {[%clk 0:58:13]} f4 {[%clk 0:30:35]} 58. Re6 {[%clk 0:57:37]}
Ra5 {[%clk 0:29:21]} 59. Kf3 {[%clk 0:57:00]} Ra3+ {[%clk 0:25:38]} 60. Kf2
{[%clk 0:57:09]} 1/2-1/2

[Event "Deutsche Ländermeisterschaft 2014"]
[Site "Hannover GER"]
[Date "2014.10.07"]
[Round "7"]
[White "Rosmait, Emily"]
[Black "Stork, Oliver"]
[Result "1-0"]
[Termination "normal"]
[Board "4.7"]
[WhiteElo "1821"]
[BlackElo "1752"]
[WhiteClock "00:12:48"]
[BlackClock "00:02:52"]
[WhiteTeam "Schleswig-Holstein"]
[BlackTeam "Hessen 1"]
[PlyCount "81"]
[WhiteFideId "12937754"]
[BlackFideId "12955728"]
[EventCountry "GER"]
[EventRounds "7"]
[EventType "team-swiss"]
[EventDate "2014.10.02"]

1. e4 {[%clk 1:30:58]} e5 {[%clk 1:30:55]} 2. Nf3 {[%clk 1:31:23]} Nc6 {[%clk
1:31:19]} 3. Bb5 {[%clk 1:31:48]} a6 {[%clk 1:31:36]} 4. Ba4 {[%clk 1:32:14]}
Nf6 {[%clk 1:31:59]} 5. d4 {[%clk 1:32:37]} exd4 {[%clk 1:32:13]} 6. O-O {[%clk
1:32:59]} Be7 {[%clk 1:32:27]} 7. Re1 {[%clk 1:33:22]} b5 {[%clk 1:32:36]} 8.
Bb3 {[%clk 1:33:44]} d6 {[%clk 1:32:18]} 9. Bd5 {[%clk 1:34:01]} Nxd5 {[%clk
1:32:41]} 10. exd5 {[%clk 1:34:27]} Ne5 {[%clk 1:33:02]} 11. Nxd4 {[%clk
1:34:51]} O-O {[%clk 1:27:19]} 12. a4 {[%clk 1:31:32]} Bd7 {[%clk 1:12:00]} 13.
Nc3 {[%clk 1:18:35]} bxa4 {[%clk 0:53:43]} 14. Nxa4 {[%clk 1:17:37]} Re8 {[%clk
0:43:19]} 15. b3 {[%clk 1:16:08]} Ng6 {[%clk 0:38:47]} 16. Bb2 {[%clk 1:13:59]}
Bf6 {[%clk 0:34:20]} 17. Rxe8+ {[%clk 1:06:31]} Qxe8 {[%clk 0:33:15]} 18. Qd2
{[%clk 0:59:37]} Qe4 {[%clk 0:20:54]} 19. Nf3 {[%clk 0:52:50]} Bxb2 {[%clk
0:10:59]} 20. Nxb2 {[%clk 0:53:09]} Ne5 {[%clk 0:02:48]} 21. Ng5 {[%clk
0:45:20]} Qg6 {[%clk 0:02:27]} 22. Nc4 {[%clk 0:38:18]} Nxc4 {[%clk 0:01:33]}
23. bxc4 {[%clk 0:38:39]} h6 {[%clk 0:01:51]} 24. Nf3 {[%clk 0:38:21]} Qe4
{[%clk 0:01:33]} 25. Nd4 {[%clk 0:32:29]} c6 {[%clk 0:01:23]} 26. f3 {[%clk
0:31:26]} Qe8 {[%clk 0:01:11]} 27. Re1 {[%clk 0:29:52]} Qc8 {[%clk 0:01:29]}
28. Qf4 {[%clk 0:23:10]} c5 {[%clk 0:01:09]} 29. Re7 {[%clk 0:19:31]} Be8
{[%clk 0:01:01]} 30. Nc6 {[%clk 0:18:07]} a5 {[%clk 0:01:16]} 31. Qxd6 {[%clk
0:11:56]} a4 {[%clk 0:01:13]} 32. Qxc5 {[%clk 0:11:40]} a3 {[%clk 0:00:50]} 33.
Re1 {[%clk 0:12:02]} a2 {[%clk 0:01:03]} 34. Ne7+ {[%clk 0:11:46]} Kh8 {[%clk
0:01:10]} 35. Nxc8 {[%clk 0:11:36]} a1=Q {[%clk 0:01:33]} 36. Rxa1 {[%clk
0:11:30]} Rxa1+ {[%clk 0:01:57]} 37. Kf2 {[%clk 0:11:54]} Ra2 {[%clk 0:01:51]}
38. Qf8+ {[%clk 0:12:13]} Kh7 {[%clk 0:02:12]} 39. Qxe8 {[%clk 0:12:37]} Rxc2+
{[%clk 0:02:34]} 40. Kg3 {[%clk 0:12:41]} Rxc4 {[%clk 0:02:52]} 41. Qxf7 {[%clk
0:12:48]} 1-0

[Event "Deutsche Ländermeisterschaft 2014"]
[Site "Hannover GER"]
[Date "2014.10.07"]
[Round "7"]
[White "Flach, Helene"]
[Black "Schönweiler, Elisabeth"]
[Result "1-0"]
[Termination "normal"]
[Board "4.8"]
[WhiteElo "1649"]
[BlackElo "1249"]
[WhiteClock "00:02:23"]
[BlackClock "00:28:21"]
[WhiteTeam "Hessen 1"]
[BlackTeam "Schleswig-Holstein"]
[PlyCount "137"]
[WhiteFideId "12929735"]
[BlackFideId "12997005"]
[EventCountry "GER"]
[EventRounds "7"]
[EventType "team-swiss"]
[EventDate "2014.10.02"]

1. e4 {[%clk 1:30:59]} c5 {[%clk 1:30:55]} 2. Nf3 {[%clk 1:31:26]} d6 {[%clk
1:31:19]} 3. d4 {[%clk 1:31:51]} cxd4 {[%clk 1:31:44]} 4. Nxd4 {[%clk 1:32:17]}
Nf6 {[%clk 1:32:06]} 5. Nc3 {[%clk 1:32:41]} g6 {[%clk 1:32:27]} 6. Be3 {[%clk
1:33:00]} Bg7 {[%clk 1:32:49]} 7. f3 {[%clk 1:33:19]} O-O {[%clk 1:33:11]} 8.
Qd2 {[%clk 1:33:28]} Nc6 {[%clk 1:33:20]} 9. O-O-O {[%clk 1:33:39]} Bd7 {[%clk
1:33:31]} 10. Bh6 {[%clk 1:32:43]} Nxd4 {[%clk 1:23:24]} 11. Bxg7 {[%clk
1:31:51]} Kxg7 {[%clk 1:19:13]} 12. Qxd4 {[%clk 1:32:02]} Kg8 {[%clk 1:17:48]}
13. g4 {[%clk 1:31:30]} Bc6 {[%clk 1:12:14]} 14. h4 {[%clk 1:22:40]} a6 {[%clk
1:12:18]} 15. Be2 {[%clk 1:15:16]} h5 {[%clk 1:04:00]} 16. Rhg1 {[%clk
1:10:52]} Kh7 {[%clk 1:03:37]} 17. e5 {[%clk 1:05:21]} dxe5 {[%clk 1:01:18]}
18. Qxe5 {[%clk 1:05:32]} Qe8 {[%clk 1:01:26]} 19. gxh5 {[%clk 0:54:10]} Nxh5
{[%clk 1:01:05]} 20. f4 {[%clk 0:53:41]} f6 {[%clk 0:58:26]} 21. Qe3 {[%clk
0:49:45]} Rg8 {[%clk 0:55:14]} 22. Nd5 {[%clk 0:46:17]} Bxd5 {[%clk 0:53:41]}
23. Rxd5 {[%clk 0:45:18]} Rd8 {[%clk 0:51:32]} 24. Rxd8 {[%clk 0:42:56]} Qxd8
{[%clk 0:51:27]} 25. Bxh5 {[%clk 0:36:04]} gxh5 {[%clk 0:50:47]} 26. Rxg8
{[%clk 0:33:25]} Kxg8 {[%clk 0:51:00]} 27. Qb3+ {[%clk 0:33:14]} Kf8 {[%clk
0:49:46]} 28. Qxb7 {[%clk 0:33:14]} Qd6 {[%clk 0:49:03]} 29. Qf3 {[%clk
0:29:36]} Qe6 {[%clk 0:46:28]} 30. Qxh5 {[%clk 0:26:20]} Qe1+ {[%clk 0:45:14]}
31. Qd1 {[%clk 0:25:37]} Qe3+ {[%clk 0:45:12]} 32. Qd2 {[%clk 0:18:45]} Qg1+
{[%clk 0:45:29]} 33. Qd1 {[%clk 0:19:09]} Qe3+ {[%clk 0:45:52]} 34. Kb1 {[%clk
0:14:56]} Qxf4 {[%clk 0:44:06]} 35. h5 {[%clk 0:13:23]} Kg7 {[%clk 0:43:21]}
36. Qg1+ {[%clk 0:10:40]} Qg5 {[%clk 0:41:23]} 37. Qxg5+ {[%clk 0:10:34]} fxg5
{[%clk 0:41:46]} 38. Kc1 {[%clk 0:10:50]} Kh6 {[%clk 0:41:22]} 39. Kd2 {[%clk
0:10:51]} g4 {[%clk 0:41:33]} 40. Ke2 {[%clk 0:10:41]} Kxh5 {[%clk 0:41:54]}
41. Kf2 {[%clk 0:10:43]} Kg5 {[%clk 0:41:53]} 42. c4 {[%clk 0:10:06]} e5 {[%clk
0:42:13]} 43. c5 {[%clk 0:09:41]} Kf6 {[%clk 0:42:37]} 44. Kg3 {[%clk 0:08:19]}
Ke6 {[%clk 0:42:15]} 45. Kxg4 {[%clk 0:07:44]} Kd5 {[%clk 0:42:33]} 46. b4
{[%clk 0:08:03]} a5 {[%clk 0:41:28]} 47. a3 {[%clk 0:07:43]} axb4 {[%clk
0:40:48]} 48. axb4 {[%clk 0:08:04]} e4 {[%clk 0:41:05]} 49. Kf4 {[%clk
0:08:23]} Kd4 {[%clk 0:41:15]} 50. c6 {[%clk 0:08:23]} e3 {[%clk 0:41:38]} 51.
c7 {[%clk 0:08:06]} e2 {[%clk 0:41:52]} 52. c8=Q {[%clk 0:08:28]} e1=Q 53. Qc5+
Kd3 {[%clk 0:41:07]} 54. Qd5+ {[%clk 0:07:00]} Kc3 {[%clk 0:40:27]} 55. b5
{[%clk 0:05:27]} Qc1+ {[%clk 0:38:47]} 56. Ke5 {[%clk 0:05:44]} Qe3+ {[%clk
0:36:41]} 57. Kd6 {[%clk 0:05:39]} Qh6+ {[%clk 0:35:36]} 58. Kc7 {[%clk
0:04:42]} Qg7+ {[%clk 0:34:00]} 59. Kb6 {[%clk 0:04:42]} Kb4 {[%clk 0:33:00]}
60. Qd6+ {[%clk 0:03:52]} Kc4 {[%clk 0:32:21]} 61. Qc5+ {[%clk 0:03:14]} Kd3
{[%clk 0:31:59]} 62. Kc6 {[%clk 0:02:38]} Ke4 {[%clk 0:30:42]} 63. b6 {[%clk
0:02:10]} Qf6+ {[%clk 0:30:43]} 64. Kb5 {[%clk 0:02:11]} Qg7 {[%clk 0:29:23]}
65. Qc6+ {[%clk 0:02:02]} Kf5 {[%clk 0:29:23]} 66. b7 {[%clk 0:01:58]} Qb2+
{[%clk 0:29:18]} 67. Ka6 {[%clk 0:01:53]} Qa3+ {[%clk 0:28:37]} 68. Kb6 {[%clk
0:02:10]} Qg3 {[%clk 0:28:21]} 69. Qc8+ {[%clk 0:02:23]} 1-0